000 00430nam a2200157Ia 4500
003 LK-CoDNM
008 010623t1990 xxu||||| |||| 00| 1 eng d
040 _aLK-CoDNM
_dLK-CoDNM
_eLK-CoDNM
041 _aeng
080 _a659.444
100 _aGunasekara,H.M
245 _aCoordinating Group For Studies South Asian Perspectives
260 _bFridrich Ebert Stiftung
_aColombo 4
_c1990
300 _b104p.;22 cm cm
942 _cBK
999 _c114558
_d114558